Dead Poets Society
Robin Williams portrays English professor John Keating, who, in an age of crew cuts, sport coats and cheerless conformity, inspires his students to live life to the fullest, exclaiming "Carpe Diem, lads! Seize the day. Make your lives extraordinary!" The charismatic teacher's emotiona...
Na minha lista:
| Formato: | Livro |
|---|---|
| Idioma: | Undetermined |
| Publicado em: |
Burbank, CA.
Touchstone Home Video
1998
|
| Assuntos: | |
| Tags: |
Adicionar Tag
Sem tags, seja o primeiro a adicionar uma tag!
|
| Thư viện lưu trữ: | Trung tâm Học liệu Trường Đại học Cần Thơ |
|---|
| LEADER | 01058nam a2200217Ia 4500 | ||
|---|---|---|---|
| 001 | CTU_232008 | ||
| 008 | 210402s9999 xx 000 0 und d | ||
| 020 | |c 594000 | ||
| 082 | |a 791.4372 | ||
| 082 | |b D278/CD.1 | ||
| 245 | 0 | |a Dead Poets Society | |
| 245 | 0 | |c Written by Tom Schulman ; produced by Steven Haft, Paul Junger Witt, Tony Thomas ; directed by Peter Weir | |
| 260 | |a Burbank, CA. | ||
| 260 | |b Touchstone Home Video | ||
| 260 | |c 1998 | ||
| 520 | |a Robin Williams portrays English professor John Keating, who, in an age of crew cuts, sport coats and cheerless conformity, inspires his students to live life to the fullest, exclaiming "Carpe Diem, lads! Seize the day. Make your lives extraordinary!" The charismatic teacher's emotionally charged challenge is met by his students with irrepressible enthusiasm--changing their lives forever. | ||
| 650 | |a Trường trung học,High schools | ||
| 650 | |x Kịch,Drama | ||
| 650 | |z Hoa Kỳ,United States | ||
| 910 | |b nthai | ||
| 980 | |a Trung tâm Học liệu Trường Đại học Cần Thơ | ||